[Event "Kupreichik Memorial Rapid 2019"]
[Site "Minsk"]
[Date "2019.08.16"]
[Round "4.16"]
[White "Agapov, Sergey"]
[Black "Kiryliuk, Ilya"]
[Result "1/2-1/2"]
[WhiteElo "2265"]
[BlackElo "1948"]
[Annotator "NA"]
[PlyCount "69"]
[EventDate "2019.08.15"]
[EventType "swiss"]
[EventCountry "BLR"]
[SourceTitle "playchess.com"]
[Source "ChessBase"]
[SourceQuality "1"]
[TimeControl "900+10"]

1. d4 {[%emt 0:00:00]} Nf6 {[%emt 0:00:00]} 2. c4 {[%emt 0:00:00]} e6 {[%emt 0:00:00]} 3. Nc3 {[%emt 0:00:00]} d5 {[%emt 0:00:00]} 4. Nf3 {[%emt 0:00:00]} Be7 {[%emt 0:00:00]} 5. Qc2 {[%emt 0:00:00]} O-O {[%emt 0:00:00]} 6. Bg5 {[%emt 0:00:01]} c6 {[%emt 0:00:00]} 7. e3 {[%emt 0:00:02]} Nbd7 {[%emt 0:00:01]} 8. Rd1 {[%emt 0:00:04]} h6 {[%emt 0:00:01]} 9. cxd5 {[%emt 0:00:02]} hxg5 {[%emt 0:00:25]} 10. dxe6 {[%emt 0:00:02]} fxe6 {[%emt 0:00:01]} 11. Nxg5 {[%emt 0:00:02]} Nb6 {[%emt 0:00:08]} 12. Bd3 {[%emt 0:00:12]} Nfd5 {[%emt 0:00:23]} 13. Bh7+ {[%emt 0:00:02]} Kh8 {[%emt 0:00:01]} 14. Bg8 {[%emt 0:00:02]} Nf6 {[%emt 0:00:13]} 15. Bxe6 {[%emt 0:00:02]} Qd6 {[%emt 0:00:11]} 16. Nf7+ {[%emt 0:00:06]} Rxf7 {[%emt 0:00:02]} 17. Bxf7 {[%emt 0:00:02]} Be6 {[%emt 0:00:11]} 18. Bxe6 {[%emt 0:00:04]} Qxe6 {[%emt 0:00:01]} 19. O-O {[%emt 0:00:07]} Rf8 {[%emt 0:00:37]} 20. e4 {[%emt 0:00:22]} Qg4 {[%emt 0:00:01]} 21. f3 {[%emt 0:00:13]} Qg5 {[%emt 0:00:04]} 22. f4 {[%emt 0:00:03]} Qg6 {[%emt 0:00:14]} 23. Rd3 {[%emt 0:00:20]} Kg8 {[%emt 0:00:06]} 24. Rg3 {[%emt 0:00:41]} Qf7 {[%emt 0:00:08]} 25. f5 {[%emt 0:02:43]} Qc4 {[%emt 0:00:07]} 26. Rd1 {[%emt 0:00:03]} Rd8 {[%emt 0:00:10]} 27. b3 {[%emt 0:00:13]} Qb4 {[%emt 0:01:02]} 28. e5 {[%emt 0:00:54]} Nfd5 {[%emt 0:00:07]} 29. f6 {[%emt 0:01:05]} Bf8 {[%emt 0:01:13]} 30. Ne4 {[%emt 0:00:16]} Nd7 {[%emt 0:00:38]} 31. f7+ {[%emt 0:03:14]} Kxf7 {[%emt 0:00:01]} 32. Ng5+ {[%emt 0:00:01]} Ke7 {[%emt 0:00:18]} 33. Qg6 {[%emt 0:00:12]} Rb8 {[%emt 0:04:47]} 34. Qf7+ {[%emt 0:00:18]} Kd8 {[%emt 0:00:01]} 35. Ne6+ {[%emt 0:00:02]} 1/2-1/2

[Event "Kupreichik Memorial Rapid 2019"]
[Site "Minsk"]
[Date "2019.08.16"]
[Round "4.17"]
[White "Svjatocho, Andrej"]
[Black "Maryasin, Boris"]
[Result "0-1"]
[WhiteElo "1995"]
[BlackElo "2302"]
[Annotator "TA"]
[PlyCount "112"]
[EventDate "2019.08.15"]
[EventType "swiss"]
[EventCountry "BLR"]
[SourceTitle "playchess.com"]
[Source "ChessBase"]
[SourceQuality "1"]

{[%evp 10,112,-4,-24,-38,-38,-32,-49,-7,-51,-35,-27,-26,-58,-38,-38,-28,-41,-36,-49,-41,-40,-51,-85,-47,-66,-12,-37,-18,-53,-39,-91,-94,-140,-141,-149,-150,-121,-38,-150,-141,-158,-147,-147,-148,-155,-118,-120,-120,-114,-115,-125,-139,-143,-142,-306,-168,-279,-318,-319,-317,-308,-286,-290,-302,-284,-287,-539,-435,-405,-345,-290,-288,-295,-288,-368,-366,-452,-452,-401,-147,-1562,-1529,-1029,-1014,-840,-1650,-1816,-1709,-1611,-1689,-2556,-2249,-2355,-2131,-5527,-1245,-5185,-5544,-4606,-2292,-29980,-29981,-29981,-29980]} 1. e4 c5 2. f4 d5 3. exd5 Nf6 4. Bb5+ Nbd7 5. c4 a6 6. Ba4 b5 $1 {[%cal Rb5a4] B21: Sicilian: 2 f4 and Morra Gambit} 7. cxb5 Nxd5 (7... Nb6 8. Nc3 Nfxd5 9. Nf3 Nxa4 10. Qxa4 Nb6 11. Qe4 e6 12. Ne5 Qc7 13. a4 Bb7 14. Qe2 {0-1 (56) Vojtek,V (2316)-Jakubiec,A (2508) Slovakia 2019}) 8. Nc3 e6 {Black is slightly better.} 9. Nge2 Qh4+ $146 ({Predecessor:} 9... Bd6 10. d3 O-O 11. O-O N7b6 12. Bc2 Be7 13. bxa6 Nb4 14. Rf3 Bxa6 {0-1 (33) Podvoysky,E (2199)-Nichols,S (2223) LSS email 2013}) 10. g3 Qh3 11. Nxd5 exd5 12. Ng1 Qg2 13. Qe2+ Qxe2+ 14. Nxe2 Nb6 15. Bc2 axb5 16. d4 Bg4 17. h3 Bxe2 ({Better is} 17... Bd7 $15) 18. Kxe2 cxd4 19. Kd3 Bc5 20. Re1+ ({White should try} 20. b3 $15) 20... Kd7 $17 21. b3 {[#]} Bb4 $1 $36 {[%cal Rb4e1][%mdl 2048] Black has strong initiative.} 22. Bd2 Bxd2 23. Kxd2 Ra5 (23... Kd6 $17 24. Rec1 b4) 24. Bf5+ (24. Kd3 $15) 24... Kd6 25. Kd3 g6 26. Bg4 h5 27. Bd1 Rha8 28. Re2 b4 29. Kxd4 Rc8 30. Rc2 {[#]} Rxc2 $1 31. Bxc2 {[%mdl 4096] Endgame KRB-KRN} Nd7 32. g4 $2 (32. Kd3 $17 {was worth a try.}) 32... h4 (32... Rc5 $142 33. Bd3 Rc3) 33. Kd3 (33. Bd1 $142) 33... Rc5 $19 34. Kd2 Rc3 35. a3 Rxh3 {Threatens to win with ...Rh2+.} 36. axb4 Rh2+ 37. Kd3 h3 38. Re1 $2 (38. g5 {was called for.}) 38... Nf6 39. Bd1 {White hopes to continue with g5.} Rg2 {...Rg3+ is the strong threat.} 40. Bf3 Rg3 41. Ke2 {next Kf2 is good for White.} Nxg4 42. Rd1 h2 43. Rxd5+ Ke6 {Hoping for ...Rxf3!} 44. Rd1 {intending b5.} Rg1 $2 (44... Kf5 $19 45. b5 Kxf4 46. Rd4+ Ke5) 45. Bxg4+ $2 {[%mdl 8192]} (45. b5 $17) 45... Rxg4 $17 {KR-KR} 46. Rh1 Rxf4 47. Rxh2 Rxb4 48. Rh3 f5 49. Rc3 g5 50. Kf2 Ke5 51. Rg3 g4 52. Rc3 Kf4 (52... f4 $142 53. Rc8 Rxb3 54. Re8+ Kd6 55. Rd8+ Ke6 56. Re8+ Kf7) 53. Kg2 Rd4 54. Rc2 Kg5 (54... Rd3 $142 55. Rc4+ Ke3) 55. Rc3 Rd2+ 56. Kg1 Rb2 {Accuracy: White = 30%, Black = 59%.} 0-1

[Event "Kupreichik Memorial Rapid 2019"]
[Site "Minsk"]
[Date "2019.08.16"]
[Round "4.18"]
[White "Kochetkov, German"]
[Black "Oblamski, Vladimir"]
[Result "1-0"]
[WhiteElo "2277"]
[BlackElo "2088"]
[Annotator "NA"]
[PlyCount "109"]
[EventDate "2019.08.15"]
[EventType "swiss"]
[EventCountry "BLR"]
[SourceTitle "playchess.com"]
[Source "ChessBase"]
[SourceQuality "1"]
[TimeControl "900+10"]

1. f4 {[%emt 0:00:00]} d5 {[%emt 0:00:08]} 2. Nf3 {[%emt 0:00:00]} Nf6 {[%emt 0:00:02]} 3. g3 {[%emt 0:00:00]} g6 {[%emt 0:00:02]} 4. Bg2 {[%emt 0:00:00]} Bg7 {[%emt 0:00:02]} 5. O-O {[%emt 0:00:00]} O-O {[%emt 0:00:02]} 6. d3 {[%emt 0:00:00]} c5 {[%emt 0:00:06]} 7. Nc3 {[%emt 0:00:01]} Nc6 {[%emt 0:00:14]} 8. e4 {[%emt 0:00:09]} dxe4 {[%emt 0:01:20]} 9. dxe4 {[%emt 0:00:03]} Qxd1 {[%emt 0:00:03]} 10. Rxd1 {[%emt 0:00:01]} e5 {[%emt 0:01:12]} 11. Be3 {[%emt 0:00:06]} b6 {[%emt 0:00:13]} 12. Nd5 {[%emt 0:00:05]} Nxd5 {[%emt 0:00:46]} 13. exd5 {[%emt 0:00:02]} Nb4 {[%emt 0:00:01]} 14. Bf2 {[%emt 0:06:24]} Nxc2 {[%emt 0:02:07]} 15. Rac1 {[%emt 0:00:03]} Nd4 {[%emt 0:00:05]} 16. Bxd4 {[%emt 0:03:00]} exd4 {[%emt 0:00:10]} 17. b4 {[%emt 0:00:02]} Bg4 {[%emt 0:05:05]} 18. bxc5 {[%emt 0:00:07]} bxc5 {[%emt 0:00:01]} 19. Rxc5 {[%emt 0:00:02]} Rac8 {[%emt 0:00:31]} 20. Rc6 {[%emt 0:02:09]} Rcd8 {[%emt 0:01:51]} 21. Rd2 {[%emt 0:01:47]} Bxf3 22. Bxf3 {[%emt 0:00:01]} Rd7 {[%emt 0:00:42]} 23. Kf2 {[%emt 0:00:40]} Re8 {[%emt 0:00:34]} 24. Rdc2 {[%emt 0:00:38]} f5 {[%emt 0:00:33]} 25. Re2 {[%emt 0:00:21]} Rxe2+ {[%emt 0:01:00]} 26. Bxe2 {[%emt 0:00:04]} Kf8 {[%emt 0:00:15]} 27. d6 {[%emt 0:00:32]} Bf6 {[%emt 0:01:06]} 28. Bc4 {[%emt 0:00:06]} Rd8 {[%emt 0:00:51]} 29. Ke2 {[%emt 0:00:31]} d3+ {[%emt 0:00:01]} 30. Kd2 {[%emt 0:00:08]} Bb2 {[%emt 0:00:09]} 31. Be6 {[%emt 0:00:14]} Ba3 {[%emt 0:00:10]} 32. d7 {[%emt 0:00:02]} Ke7 {[%emt 0:00:10]} 33. Kxd3 {[%emt 0:00:41]} Bd6 {[%emt 0:00:03]} 34. Rc8 {[%emt 0:00:04]} a5 {[%emt 0:00:19]} 35. a4 {[%emt 0:00:08]} Bb4 {[%emt 0:00:09]} 36. Kc4 {[%emt 0:00:40]} Ba3 {[%emt 0:00:20]} 37. Kd5 {[%emt 0:00:07]} Bb4 {[%emt 0:00:03]} 38. Kc6 {[%emt 0:00:43]} Ba3 {[%emt 0:00:05]} 39. Rxd8 {[%emt 0:00:59]} Kxd8 {[%emt 0:00:02]} 40. Bg8 {[%emt 0:00:01]} h6 {[%emt 0:00:08]} 41. Bh7 {[%emt 0:00:01]} g5 {[%emt 0:00:02]} 42. fxg5 {[%emt 0:00:09]} hxg5 {[%emt 0:00:02]} 43. Bxf5 {[%emt 0:00:02]} Bb4 {[%emt 0:00:06]} 44. h4 {[%emt 0:00:10]} gxh4 {[%emt 0:00:03]} 45. gxh4 {[%emt 0:00:00]} Bd2 {[%emt 0:00:11]} 46. h5 {[%emt 0:00:02]} Bf4 {[%emt 0:00:05]} 47. Bg4 {[%emt 0:00:01]} Bd2 {[%emt 0:00:07]} 48. Kd6 {[%emt 0:00:01]} Bc1 {[%emt 0:00:40]} 49. Ke6 {[%emt 0:00:03]} Bd2 {[%emt 0:00:04]} 50. Be2 {[%emt 0:00:01]} Be3 {[%emt 0:00:04]} 51. Bb5 {[%emt 0:00:01]} Bd2 {[%emt 0:00:03]} 52. Kf7 {[%emt 0:00:01]} Be3 {[%emt 0:00:03]} 53. Kg7 {[%emt 0:00:03]} Ke7 {[%emt 0:00:01]} 54. h6 {[%emt 0:00:02]} Bd4+ {[%emt 0:00:06]} 55. Kg8 {[%emt 0:00:01]} 1-0

[Event "Kupreichik Memorial Rapid 2019"]
[Site "Minsk"]
[Date "2019.08.16"]
[Round "4.19"]
[White "Khrapko, Marharyta"]
[Black "Tsaruk, Maksim"]
[Result "0-1"]
[WhiteElo "2073"]
[BlackElo "2230"]
[Annotator "NA"]
[PlyCount "88"]
[EventDate "2019.08.15"]
[EventType "swiss"]
[EventCountry "BLR"]
[SourceTitle "playchess.com"]
[Source "ChessBase"]
[SourceQuality "1"]
[TimeControl "900+10"]

1. e4 {[%emt 0:00:00]} e5 {[%emt 0:00:00]} 2. Nf3 {[%emt 0:00:00]} Nc6 {[%emt 0:00:00]} 3. Bb5 {[%emt 0:00:00]} a6 {[%emt 0:00:00]} 4. Ba4 {[%emt 0:00:00]} Nf6 {[%emt 0:00:00]} 5. O-O {[%emt 0:00:00]} b5 {[%emt 0:00:00]} 6. Bb3 {[%emt 0:00:00]} Be7 {[%emt 0:00:00]} 7. Re1 {[%emt 0:00:00]} O-O {[%emt 0:00:00]} 8. h3 {[%emt 0:00:00]} d6 {[%emt 0:00:02]} 9. c3 {[%emt 0:00:01]} Nb8 {[%emt 0:00:02]} 10. d4 {[%emt 0:00:03]} Nbd7 {[%emt 0:00:02]} 11. Nbd2 {[%emt 0:00:04]} Bb7 {[%emt 0:00:01]} 12. Bc2 {[%emt 0:00:03]} Re8 {[%emt 0:00:01]} 13. Nf1 {[%emt 0:00:11]} Bf8 {[%emt 0:00:01]} 14. Ng3 {[%emt 0:00:10]} g6 {[%emt 0:00:03]} 15. b3 {[%emt 0:00:28]} c6 {[%emt 0:00:38]} 16. Bb2 {[%emt 0:00:04]} Bg7 {[%emt 0:00:08]} 17. c4 {[%emt 0:00:34]} exd4 {[%emt 0:03:43]} 18. Bxd4 {[%emt 0:00:18]} Qc7 {[%emt 0:04:03]} 19. Rc1 {[%emt 0:00:08]} Rad8 {[%emt 0:00:05]} 20. Bd3 {[%emt 0:01:41]} Qa5 {[%emt 0:01:05]} 21. Qc2 {[%emt 0:00:56]} Ne5 {[%emt 0:00:38]} 22. Nxe5 {[%emt 0:03:49]} dxe5 {[%emt 0:00:01]} 23. Be3 {[%emt 0:00:32]} Nd7 {[%emt 0:00:33]} 24. c5 {[%emt 0:00:53]} Nf8 {[%emt 0:00:14]} 25. Bg5 {[%emt 0:01:51]} Rd7 {[%emt 0:00:18]} 26. Be2 {[%emt 0:02:38]} Ne6 {[%emt 0:01:23]} 27. Be3 {[%emt 0:00:01]} Nd4 {[%emt 0:01:12]} 28. Qb2 {[%emt 0:00:01]} h5 {[%emt 0:00:08]} 29. b4 {[%emt 0:00:34]} Qd8 {[%emt 0:00:34]} 30. a4 {[%emt 0:00:18]} Kh7 {[%emt 0:00:31]} 31. Ra1 {[%emt 0:03:42]} Qh4 {[%emt 0:00:12]} 32. axb5 {[%emt 0:00:25]} axb5 {[%emt 0:00:02]} 33. Ra7 {[%emt 0:00:13]} Bc8 {[%emt 0:00:01]} 34. Rea1 {[%emt 0:00:07]} Rxa7 {[%emt 0:00:46]} 35. Rxa7 {[%emt 0:00:01]} Be6 {[%emt 0:00:01]} 36. Qd2 {[%emt 0:00:33]} Rd8 {[%emt 0:01:29]} 37. Bd3 {[%emt 0:00:27]} Bf6 {[%emt 0:01:10]} 38. Qc3 {[%emt 0:00:20]} Bg5 {[%emt 0:00:22]} 39. Kh2 {[%emt 0:00:02]} Bxe3 40. fxe3 {[%emt 0:00:01]} Nf3+ {[%emt 0:00:02]} 41. gxf3 Qxh3+ {[%emt 0:00:04]} 42. Kg1 {[%emt 0:00:22]} Qxg3+ {[%emt 0:00:01]} 43. Kf1 {[%emt 0:00:08]} Qxf3+ {[%emt 0:00:04]} 44. Ke1 {[%emt 0:00:04]} Qxe3+ {[%emt 0:00:02]} 0-1

[Event "Kupreichik Memorial Rapid 2019"]
[Site "Minsk"]
[Date "2019.08.16"]
[Round "4.20"]
[White "Leinov, Roman"]
[Black "Tyurin, Artem"]
[Result "1-0"]
[WhiteElo "2189"]
[BlackElo "2057"]
[Annotator "NA"]
[PlyCount "111"]
[EventDate "2019.08.15"]
[EventType "swiss"]
[EventCountry "BLR"]
[SourceTitle "playchess.com"]
[Source "ChessBase"]
[SourceQuality "1"]
[TimeControl "900+10"]

1. c4 {[%emt 0:00:00]} e6 {[%emt 0:00:00]} 2. Nf3 {[%emt 0:00:05]} Nf6 {[%emt 0:00:00]} 3. g3 {[%emt 0:00:04]} d5 {[%emt 0:00:00]} 4. d4 {[%emt 0:00:01]} dxc4 {[%emt 0:00:03]} 5. Bg2 {[%emt 0:00:14]} c5 {[%emt 0:00:01]} 6. O-O {[%emt 0:01:12]} Nc6 {[%emt 0:00:02]} 7. Ne5 {[%emt 0:00:32]} Bd7 {[%emt 0:00:25]} 8. Na3 {[%emt 0:00:57]} cxd4 {[%emt 0:00:57]} 9. Naxc4 {[%emt 0:00:04]} Rc8 {[%emt 0:01:13]} 10. Qb3 {[%emt 0:02:43]} Nxe5 {[%emt 0:04:37]} 11. Nxe5 {[%emt 0:00:04]} b6 {[%emt 0:00:02]} 12. e3 {[%emt 0:01:53]} dxe3 {[%emt 0:01:27]} 13. Bxe3 {[%emt 0:00:03]} Bd6 {[%emt 0:00:56]} 14. Nxd7 {[%emt 0:03:33]} Qxd7 {[%emt 0:03:16]} 15. Rad1 {[%emt 0:01:47]} Qe7 {[%emt 0:00:36]} 16. Qa4+ {[%emt 0:00:27]} Kf8 {[%emt 0:01:28]} 17. Rd3 {[%emt 0:01:38]} Nd7 {[%emt 0:01:02]} 18. Qxa7 {[%emt 0:00:57]} Nc5 {[%emt 0:00:09]} 19. Qxe7+ {[%emt 0:00:15]} Kxe7 {[%emt 0:00:03]} 20. Rd2 {[%emt 0:00:35]} Rhd8 {[%emt 0:00:24]} 21. Rfd1 {[%emt 0:00:02]} Na4 {[%emt 0:00:37]} 22. b3 {[%emt 0:00:46]} Nc3 {[%emt 0:00:33]} 23. Bxb6 {[%emt 0:00:04]} Nxd1 {[%emt 0:00:07]} 24. Bxd8+ {[%emt 0:00:03]} Rxd8 {[%emt 0:00:03]} 25. Rxd1 {[%emt 0:00:01]} Ba3 {[%emt 0:00:15]} 26. Rxd8 Kxd8 {[%emt 0:00:00]} 27. Kf1 {[%emt 0:00:02]} Kc7 {[%emt 0:00:02]} 28. Ke2 {[%emt 0:00:01]} Kd6 {[%emt 0:00:01]} 29. Kd3 {[%emt 0:00:02]} Kc5 {[%emt 0:00:01]} 30. Bf3 {[%emt 0:00:11]} f6 {[%emt 0:00:05]} 31. Bg4 {[%emt 0:00:04]} f5 {[%emt 0:00:20]} 32. Bh5 {[%emt 0:00:10]} g6 {[%emt 0:00:06]} 33. Bd1 {[%emt 0:00:02]} e5 {[%emt 0:00:24]} 34. f3 {[%emt 0:00:01]} Kb4 {[%emt 0:00:19]} 35. Kd2 {[%emt 0:00:20]} Bb2 {[%emt 0:00:14]} 36. Kc2 {[%emt 0:00:05]} Bd4 {[%emt 0:00:06]} 37. Be2 {[%emt 0:00:04]} Bg1 {[%emt 0:00:10]} 38. h3 {[%emt 0:00:02]} Bf2 {[%emt 0:00:08]} 39. g4 {[%emt 0:00:00]} f4 {[%emt 0:00:48]} 40. a4 {[%emt 0:00:04]} Bc5 {[%emt 0:00:16]} 41. Bc4 {[%emt 0:00:02]} Bb6 {[%emt 0:00:15]} 42. Kd3 {[%emt 0:00:01]} Bc5 {[%emt 0:00:09]} 43. Ke4 {[%emt 0:00:01]} Bd4 {[%emt 0:00:01]} 44. Kd5 {[%emt 0:00:04]} Bc3 {[%emt 0:00:19]} 45. Ke6 {[%emt 0:00:06]} Bd4 {[%emt 0:00:05]} 46. Kf7 {[%emt 0:00:01]} Bc3 {[%emt 0:00:02]} 47. g5 {[%emt 0:00:11]} e4 {[%emt 0:00:28]} 48. fxe4 {[%emt 0:00:03]} f3 {[%emt 0:00:01]} 49. Kg8 {[%emt 0:00:05]} Bd2 {[%emt 0:00:07]} 50. h4 {[%emt 0:00:05]} h5 {[%emt 0:00:08]} 51. Kf7 {[%emt 0:00:06]} Bxg5 {[%emt 0:00:22]} 52. hxg5 {[%emt 0:00:14]} h4 {[%emt 0:00:01]} 53. Bf1 {[%emt 0:00:05]} Kc3 {[%emt 0:00:04]} 54. e5 {[%emt 0:00:01]} Kd2 {[%emt 0:00:00]} 55. e6 {[%emt 0:00:03]} Ke1 {[%emt 0:00:01]} 56. Bh3 {[%emt 0:00:05]} 1-0

[Event "Kupreichik Memorial Rapid 2019"]
[Site "Minsk"]
[Date "2019.08.16"]
[Round "4.21"]
[White "Vashchilov, Sergey"]
[Black "Kolosovskaya, Olga"]
[Result "1/2-1/2"]
[WhiteElo "2162"]
[BlackElo "1719"]
[Annotator "NA"]
[PlyCount "64"]
[EventDate "2019.08.15"]
[EventType "swiss"]
[EventCountry "BLR"]
[SourceTitle "playchess.com"]
[Source "ChessBase"]
[SourceQuality "1"]
[TimeControl "900+10"]

1. d4 {[%emt 0:00:00]} d5 {[%emt 0:00:00]} 2. Nc3 {[%emt 0:00:01]} Nf6 {[%emt 0:00:00]} 3. Bg5 {[%emt 0:00:05]} e6 {[%emt 0:00:43]} 4. e4 {[%emt 0:00:11]} dxe4 {[%emt 0:00:02]} 5. Nxe4 {[%emt 0:00:01]} Be7 {[%emt 0:00:06]} 6. Bxf6 {[%emt 0:00:24]} Bxf6 {[%emt 0:00:21]} 7. c3 {[%emt 0:00:58]} O-O {[%emt 0:00:45]} 8. f4 {[%emt 0:01:32]} Bh4+ {[%emt 0:00:58]} 9. g3 {[%emt 0:00:28]} Be7 {[%emt 0:00:05]} 10. Nf3 {[%emt 0:00:26]} b6 {[%emt 0:02:49]} 11. Bd3 {[%emt 0:00:47]} Bb7 {[%emt 0:00:09]} 12. Qe2 {[%emt 0:00:11]} c5 {[%emt 0:01:32]} 13. dxc5 {[%emt 0:00:36]} bxc5 {[%emt 0:00:23]} 14. O-O-O {[%emt 0:02:27]} Qa5 {[%emt 0:00:18]} 15. Kb1 {[%emt 0:00:17]} Nd7 {[%emt 0:02:19]} 16. Rhe1 {[%emt 0:02:59]} Nf6 {[%emt 0:00:54]} 17. Ne5 {[%emt 0:00:50]} Rad8 {[%emt 0:03:05]} 18. Ng5 {[%emt 0:00:19]} Qb6 {[%emt 0:01:09]} 19. c4 {[%emt 0:02:22]} g6 {[%emt 0:00:08]} 20. h4 {[%emt 0:00:41]} Nh5 {[%emt 0:00:16]} 21. Qe3 {[%emt 0:01:30]} Bf6 {[%emt 0:01:29]} 22. Rd2 {[%emt 0:00:53]} Ng7 {[%emt 0:00:13]} 23. Ng4 {[%emt 0:00:19]} Bd4 {[%emt 0:00:09]} 24. Nh6+ {[%emt 0:00:17]} Kh8 {[%emt 0:00:03]} 25. Nhxf7+ {[%emt 0:00:13]} Rxf7 {[%emt 0:00:05]} 26. Nxf7+ {[%emt 0:00:01]} Kg8 {[%emt 0:00:01]} 27. Nh6+ {[%emt 0:00:05]} Kh8 {[%emt 0:00:40]} 28. Nf7+ {[%emt 0:00:21]} Kg8 {[%emt 0:00:01]} 29. Nh6+ {[%emt 0:00:09]} Kh8 {[%emt 0:00:01]} 30. Nf7+ {[%emt 0:00:04]} Kg8 {[%emt 0:00:01]} 31. Nh6+ Kf8 32. Qe2 Bc3 1/2-1/2

[Event "Kupreichik Memorial Rapid 2019"]
[Site "Minsk"]
[Date "2019.08.16"]
[Round "4.22"]
[White "Paravyan, David"]
[Black "Shaban, Aliaksandra"]
[Result "1-0"]
[WhiteElo "2605"]
[BlackElo "1734"]
[Annotator "TA"]
[PlyCount "87"]
[EventDate "2019.08.15"]
[EventType "swiss"]
[EventCountry "BLR"]
[SourceTitle "playchess.com"]
[Source "ChessBase"]
[SourceQuality "1"]

{[%evp 13,87,53,60,57,47,45,50,33,39,10,36,29,48,18,23,0,23,16,19,25,33,31,41,47,45,39,37,23,51,38,91,64,156,158,188,40,48,41,83,83,160,118,112,120,128,56,73,79,72,64,56,59,90,88,79,83,173,211,219,84,123,130,153,0,76,41,216,229,213,209,226,147,718,718,717,664]} 1. e4 c6 2. d4 d5 3. Nc3 dxe4 4. Nxe4 Bf5 5. Ng3 Bg6 6. h4 h5 7. Nf3 Nd7 8. c3 {B18: Classical Caro-Kann: 4...Bf5 sidelines} e6 9. Bg5 $146 ({Predecessor:} 9. Bf4 Ngf6 10. Qb3 Qb6 11. Ng5 Nd5 12. Bd2 Bd6 13. N5e4 Be7 14. Bd3 e5 15. dxe5 Nxe5 {0-1 (37) Schmittdiel,E (2435)-Bischoff,K (2550) Germany 1995}) 9... Be7 10. Bxe7 {White is slightly better.} Nxe7 11. Be2 Nd5 12. Qd2 N5f6 13. Qg5 Nd5 14. Qd2 Qc7 15. O-O Qf4 16. Rfe1 Qxd2 17. Nxd2 N7f6 18. Nc4 Rd8 19. Ne5 Nf4 20. Bc4 N6d5 21. a4 {[%cal Ba2a4,Ba4a5][%mdl 32]} (21. Nxg6 Nxg6 22. Ne4 Nxh4 $15) 21... Kf8 (21... Nb6 $14) 22. a5 ({Much worse is} 22. Nxg6+ Nxg6 23. a5 Nxh4 $15) 22... a6 ({Black should try} 22... Ne7 $14) 23. Ra3 $16 {Black must now prevent Rb3.} Nc7 24. Nxg6+ (24. Ne4 $18) 24... Nxg6 $14 25. Ne4 Nb5 26. Rb3 Kg8 (26... Nxh4 $142 27. Nc5 Nf5) 27. g3 Ne7 28. Nc5 Rb8 29. Rd1 (29. Bf1 $16) 29... g6 30. Bf1 Kg7 31. c4 Nd6 32. Rb4 Nef5 33. d5 cxd5 34. cxd5 exd5 (34... e5 $16 {is a better defense.}) 35. Rxd5 $18 Rhd8 {[#]} 36. Bg2 (36. Rb6 $1 $18 {is more deadly.}) 36... Ne7 37. Rdd4 Nef5 38. Rd5 ({White should play} 38. Rd1) 38... Ne7 $1 $16 {[%cal Re7d5]} 39. Re5 Kf6 $2 (39... Rdc8 $14) 40. Re2 $18 Nef5 41. Rb6 {[%cal Rc5b7]} Kg7 42. Nxb7 Nc8 $2 {[%mdl 8192]} (42... Nxb7 $16 43. Rxb7 (43. Bxb7 Rd6 $16) 43... Rxb7 44. Bxb7 Rb8 45. Bxa6 Ra8) 43. Nxd8 {[%mdl 64] [#] Discovered Attack} Nxb6 44. Nc6 {Accuracy: White = 52%, Black = 26%.} 1-0

[Event "Kupreichik Memorial Rapid 2019"]
[Site "Minsk"]
[Date "2019.08.16"]
[Round "4.23"]
[White "Stanishevskij, Aleksandr"]
[Black "Veremeichik, Vladimir"]
[Result "0-1"]
[WhiteElo "1830"]
[BlackElo "2282"]
[Annotator "NA"]
[PlyCount "89"]
[EventDate "2019.08.15"]
[EventType "swiss"]
[EventCountry "BLR"]
[SourceTitle "playchess.com"]
[Source "ChessBase"]
[SourceQuality "1"]
[TimeControl "900+10"]

1. e4 {[%emt 0:00:00]} c5 {[%emt 0:00:00]} 2. Nf3 {[%emt 0:00:23]} Nc6 {[%emt 0:00:00]} 3. Bb5 {[%emt 0:00:08]} g6 {[%emt 0:00:00]} 4. O-O {[%emt 0:00:02]} Bg7 {[%emt 0:00:00]} 5. c3 {[%emt 0:00:27]} Nf6 {[%emt 0:00:00]} 6. Re1 {[%emt 0:00:25]} O-O {[%emt 0:00:01]} 7. d4 {[%emt 0:01:08]} d5 {[%emt 0:00:03]} 8. e5 {[%emt 0:00:52]} Ne4 {[%emt 0:00:01]} 9. Nbd2 {[%emt 0:00:17]} cxd4 {[%emt 0:00:06]} 10. cxd4 {[%emt 0:00:28]} Qb6 {[%emt 0:00:03]} 11. Bxc6 {[%emt 0:01:41]} Qxc6 {[%emt 0:00:02]} 12. Nxe4 {[%emt 0:00:49]} dxe4 {[%emt 0:00:02]} 13. Nd2 {[%emt 0:01:55]} Rd8 {[%emt 0:00:27]} 14. Rxe4 {[%emt 0:03:00]} Bf5 {[%emt 0:00:02]} 15. Re1 {[%emt 0:00:42]} Rxd4 {[%emt 0:00:09]} 16. Qb3 {[%emt 0:00:40]} Rad8 {[%emt 0:01:10]} 17. Nf1 {[%emt 0:00:48]} b6 {[%emt 0:01:23]} 18. Ng3 {[%emt 0:01:12]} Bc8 {[%emt 0:03:07]} 19. Bg5 {[%emt 0:00:53]} Be6 {[%emt 0:01:32]} 20. Qa3 {[%emt 0:00:38]} f6 {[%emt 0:00:58]} 21. exf6 exf6 22. Be3 {[%emt 0:01:07]} Ra4 {[%emt 0:00:32]} 23. Qe7 {[%emt 0:00:18]} Re8 {[%emt 0:00:05]} 24. Rac1 {[%emt 0:00:32]} Rxe7 {[%emt 0:01:10]} 25. Rxc6 Bxa2 26. h3 {[%emt 0:00:27]} Rc4 {[%emt 0:00:36]} 27. Rxc4 {[%emt 0:00:08]} Bxc4 {[%emt 0:00:01]} 28. Rc1 {[%emt 0:00:07]} Bb5 {[%emt 0:01:00]} 29. Bd4 {[%emt 0:00:14]} h5 {[%emt 0:00:40]} 30. Nf1 {[%emt 0:00:14]} Bxf1 {[%emt 0:00:23]} 31. Kxf1 {[%emt 0:00:01]} f5 {[%emt 0:00:01]} 32. Bxg7 Kxg7 {[%emt 0:00:01]} 33. Rc6 {[%emt 0:00:24]} h4 {[%emt 0:00:13]} 34. Rd6 {[%emt 0:00:04]} Kh6 {[%emt 0:00:09]} 35. Rc6 {[%emt 0:00:17]} Kg5 {[%emt 0:00:10]} 36. Rd6 {[%emt 0:00:06]} Re4 {[%emt 0:00:11]} 37. Rd2 {[%emt 0:00:30]} a5 {[%emt 0:00:03]} 38. f3 {[%emt 0:00:09]} Rb4 {[%emt 0:00:08]} 39. Kf2 {[%emt 0:00:02]} Kf4 {[%emt 0:00:02]} 40. Rc2 {[%emt 0:00:03]} b5 {[%emt 0:00:03]} 41. Rd2 {[%emt 0:00:12]} a4 {[%emt 0:00:01]} 42. Rc2 {[%emt 0:00:02]} Rc4 {[%emt 0:00:05]} 43. Rd2 {[%emt 0:00:03]} b4 {[%emt 0:00:01]} 44. Re2 {[%emt 0:00:16]} b3 {[%emt 0:00:09]} 45. Ke1 0-1